00770 a2200205 4500003000500000005001700005040000900022082001200031100003500043245009300078260003200171300001500203505015800218538003000376650001400406651001200420942000800432999001900440952010500459Nust20170207153219.0 cNust a621.382 aMalik, Amir Inayat (MSEE-10) aPerformance analysis of space time codes for wireless communicationcAmir Inayat Malik  bMCS, NUSTc2008aRawalpindi ax, 70, p.; aEffects of wireless channel (page-1) Fundamentals of space time codes (page-6) Space time trellis codes (page-20) Conclusion and future work (page-650).  aAlmirah No 69 Shelf No 2  aMS Thesis aMSEE-10 cTHS c181738d181738 00102ddc40708NFICaMCSbMCSd2016-12-12l0o621.382 MALpMCSTEE-58r2016-12-08w2016-12-12yBK